01229nam a2200313 a 4500001001100000003000800011006001900019007001500038008004100053010001700094020001500111020002200126040002100148035002100169050002500190082001700215100001600232245011900248260004400367300001600411504006400427533015200491650004000643650004600683655002900729710001700758856012500775999001500900ebr5001438CaPaEBRm u cr cn|||||||||911024s1992 enk sb 001 0 eng  z 91041608  z0415080444 z0415066557 (pbk.) aCaPaEBRcCaPaEBR a(OCoLC)55954642714aLC156.G7bM28 1992eb04a374/.0122201 aMace, Jane.10aTalking about literacyh[electronic resource] :bprinciples and practice of adult literacy education /cJane Mace. aLondon ;aNew York :bRoutledge,c1992. axxi, 168 p. aIncludes bibliographical references (p. 158-163) and index. aElectronic reproduction.bPalo Alto, Calif. :cebrary,d2013.nAvailable via World Wide Web.nAccess may be limited to ebrary affiliated libraries. 0aFunctional literacyzGreat Britain. 0aReading (Adult education)zGreat Britain. 7aElectronic books.2local2 aebrary, Inc.40uhttp://site.ebrary.com/lib/rucke/Doc?id=5001438zAn electronic book accessible through the World Wide Web; click to view c1199d1199